[Event "GRE-chT Online Rapid op 1st"]
[Site "Tornelo INT"]
[Date "2021.02.20"]
[Round "3.17"]
[White "Bakirtzis, Konstantinos"]
[Black "Gioras, Ioannis"]
[Result "0-1"]
[WhiteElo "1229"]
[BlackElo "1715"]
[PlyCount "148"]
[EventDate "2021.02.20"]
[EventType "team-swiss (rapid)"]
[EventRounds "9"]
[EventCountry "GRE"]
[SourceTitle "EXT 2023"]
[Source "ChessBase"]
[SourceDate "2022.10.05"]
[SourceVersion "1"]
[SourceVersionDate "2022.10.05"]
[SourceQuality "1"]

1. c4 c5 2. Nc3 g6 3. g3 Bg7 4. Bg2 Nc6 5. Nf3 d6 6. d3 Nf6 7. 0-0 0-0 8. Rb1 Bd7 9. a3 Rb8 10. b4 cxb4 11. axb4 Qc8 12. Re1 a6 13. b5 axb5 14. Nxb5 Ng4 15. Bd2 f5 16. Qc1 Nce5 17. Nfd4 Nf7 18. Na7 Qc5 19. Nab5 Bxd4 20. Nxd4 Qxd4 21. Be3 Nxe3 22. fxe3 Qa7 23. Kh1 Bc6 24. Qd2 Bxg2+ 25. Kxg2 Qc5 26. Rec1 e5 27. d4 Qc7 28. c5 dxc5 29. Rxc5 Qd7 30. d5 Nd6 31. Qa2 Rf7 32. Rbc1 Qd8 33. Qb2 Re7 34. Qb3 Kg7 35. Qb2 h5 36. Qc3 Kh6 37. Qb2 b5 38. R1c2 Nc4 39. Qc1 Qd6 40. e4+ f4 41. Rc6 Qd7 42. gxf4 Qg4+ 43. Kh1 Qxf4 44. Qxf4+ exf4 45. d6 Rxe4 46. d7 Rd8 47. e3 fxe3 48. Rg2 Rg4 49. Rxg4 hxg4 50. Kg2 Rxd7 51. Rc5 Re7 52. Kf1 Nd2+ 53. Ke2 Nb3 54. Rd5 Re4 55. Rd6 Nd4+ 56. Ke1 e2 57. Rxd4 Rxd4 58. Kxe2 Ra4 59. Kd3 Kg5 60. Kc3 Kh4 61. Kd3 Ra2 62. Ke3 g5 63. Kd3 Rxh2 64. Kc3 g3 65. Kb4 Rb2+ 66. Kc3 Rb1 67. Kc2 Rf1 68. Kc3 Rf4 69. Kd3 g2 70. Ke3 g1Q+ 71. Ke2 Qg3 72. Kd1 Rf1+ 73. Ke2 Rf2+ 74. Ke1 Qg1# 0-1

[Event "GRE-chT Online Rapid op 1st"]
[Site "Tornelo INT"]
[Date "2021.02.20"]
[Round "4.17"]
[White "Gioras, Ioannis"]
[Black "Chatzipavlou, Odysseas"]
[Result "1-0"]
[WhiteElo "1715"]
[BlackElo "1038"]
[PlyCount "43"]
[EventDate "2021.02.20"]
[EventType "team-swiss (rapid)"]
[EventRounds "9"]
[EventCountry "GRE"]
[SourceTitle "EXT 2023"]
[Source "ChessBase"]
[SourceDate "2022.10.05"]
[SourceVersion "1"]
[SourceVersionDate "2022.10.05"]
[SourceQuality "1"]

1. e4 e5 2. Nf3 Nc6 3. d4 exd4 4. Bc4 Bc5 5. c3 dxc3 6. bxc3 Nf6 7. e5 Qe7 8. 0-0 0-0 9. exf6 Qxf6 10. Qd5 Bd6 11. Be3 Ne7 12. Qd3 Nf5 13. Nbd2 Re8 14. Ne4 Qg6 15. Neg5 Nxe3 16. Bxf7+ Qxf7 17. Nxf7 Kxf7 18. fxe3 Bf8 19. Qxh7 Ke7 20. Qh4+ Kf7 21. Ng5+ Kg8 22. Qh7# 1-0

[Event "GRE-ch Online Blitz op 1st"]
[Site "Tornelo INT"]
[Date "2021.02.07"]
[Round "8"]
[White "Gioras, Ioannis"]
[Black "Orfanidis, Kyriakos"]
[Result "0-1"]
[WhiteElo "1502"]
[BlackElo "1819"]
[PlyCount "36"]
[EventDate "2021.02.07"]
[EventType "swiss (blitz)"]
[EventRounds "16"]
[EventCountry "GRE"]
[SourceTitle "EXT 2023"]
[Source "ChessBase"]
[SourceDate "2022.10.05"]
[SourceVersion "1"]
[SourceVersionDate "2022.10.05"]
[SourceQuality "1"]

1. e4 c5 2. Nf3 g6 3. d4 cxd4 4. Qxd4 Nf6 5. e5 Nc6 6. Qa4 Nd5 7. Qe4 Nb6 8. Nc3 d5 9. exd6 Bf5 10. dxe7 Bxe7 11. Qe2 Nb4 12. Qb5+ Bd7 13. Qe5 Nxc2+ 14. Ke2 0-0 15. Bh6 Bf6 16. Qd6 Re8+ 17. Be3 Nxa1 18. h3 Bxc3 0-1

[Event "GRE-ch Online Blitz op 1st"]
[Site "Tornelo INT"]
[Date "2021.02.07"]
[Round "13"]
[White "Gioras, Ioannis"]
[Black "Papachristopoulos, Georgios"]
[Result "1-0"]
[WhiteElo "1502"]
[BlackElo "1658"]
[PlyCount "51"]
[EventDate "2021.02.07"]
[EventType "swiss (blitz)"]
[EventRounds "16"]
[EventCountry "GRE"]
[SourceTitle "EXT 2023"]
[Source "ChessBase"]
[SourceDate "2022.10.05"]
[SourceVersion "1"]
[SourceVersionDate "2022.10.05"]
[SourceQuality "1"]

1. e4 e5 2. Nf3 Nc6 3. d4 exd4 4. Bc4 Nf6 5. e5 d5 6. Bb5 Ne4 7. Nxd4 Bd7 8. Bxc6 bxc6 9. 0-0 c5 10. Nb3 c6 11. c3 Qc7 12. f3 c4 13. Nd4 Nc5 14. b4 Nd3 15. f4 Qb6 16. Be3 Be7 17. Nf5 Qc7 18. Nxe7 Kxe7 19. Bc5+ Nxc5 20. bxc5 Qa5 21. Qd4 Rab8 22. Nd2 Rb5 23. f5 Rg8 24. Qh4+ Kf8 25. e6 Be8 26. e7# 1-0

[Event "GRE-ch Online Blitz op 1st"]
[Site "Tornelo INT"]
[Date "2021.02.07"]
[Round "6"]
[White "Karagiannis, Thomas Aristotelis"]
[Black "Gioras, Ioannis"]
[Result "0-1"]
[WhiteElo "1760"]
[BlackElo "1502"]
[PlyCount "124"]
[EventDate "2021.02.07"]
[EventType "swiss (blitz)"]
[EventRounds "16"]
[EventCountry "GRE"]
[SourceTitle "EXT 2023"]
[Source "ChessBase"]
[SourceDate "2022.10.05"]
[SourceVersion "1"]
[SourceVersionDate "2022.10.05"]
[SourceQuality "1"]

1. d4 Nf6 2. Bg5 Ne4 3. Bf4 d5 4. e3 c6 5. Nd2 Nxd2 6. Qxd2 Bf5 7. c4 e6 8. cxd5 exd5 9. Ne2 Qb6 10. Nc3 Nd7 11. Be2 a5 12. 0-0 Be7 13. Rfc1 h5 14. h3 g5 15. Be5 Nxe5 16. dxe5 g4 17. hxg4 hxg4 18. Na4 Qc7 19. Qd4 Rg8 20. g3 Be6 21. Nc5 Bxc5 22. Rxc5 Rg5 23. Kg2 Qxe5 24. Rh1 Ke7 25. Rh4 Qxd4 26. exd4 Bf5 27. a3 Kd6 28. Rh6+ Kd7 29. Rf6 Be4+ 30. f3 gxf3+ 31. Bxf3 Bg6 32. Rc3 Ke7 33. Rf4 Rg8 34. Re3+ Kd7 35. Kf2 Rh8 36. Bg4+ Kd8 37. Kg2 Be4+ 38. Bf3 f5 39. Bxe4 fxe4 40. g4 Kc7 41. b4 axb4 42. axb4 Kb6 43. Kg3 Rh7 44. Rf5 Rg8 45. g5 Rh1 46. Kf4 Rg1 47. Rh3 Kb5 48. Rh7 b6 49. Rh6 Rf1+ 50. Ke5 Rxf5+ 51. Kxf5 e3 52. Re6 Rf8+ 53. Kg4 Kxb4 54. Rxe3 Kc4 55. Re6 c5 56. Rxb6 Kxd4 57. g6 c4 58. g7 Rg8 59. Rb7 c3 60. Kf3 Kd3 61. Kf2 c2 62. Ke1 c1Q+ 0-1

[Event "GRE-ch Online Rapid op 1st"]
[Site "Tornelo INT"]
[Date "2021.02.06"]
[Round "4"]
[White "Laggousis, Andreas"]
[Black "Gioras, Ioannis"]
[Result "0-1"]
[WhiteElo "1906"]
[BlackElo "1569"]
[PlyCount "156"]
[EventDate "2021.02.06"]
[EventType "swiss (rapid)"]
[EventRounds "8"]
[EventCountry "GRE"]
[SourceTitle "EXT 2023"]
[Source "ChessBase"]
[SourceDate "2022.10.05"]
[SourceVersion "1"]
[SourceVersionDate "2022.10.05"]
[SourceQuality "1"]

1. e4 c5 2. Nc3 e6 3. f4 g6 4. Nf3 Bg7 5. Bc4 Ne7 6. 0-0 0-0 7. a4 d5 8. Ba2 dxe4 9. Nxe4 b6 10. d3 Nbc6 11. Kh1 Nb4 12. Bc4 Bb7 13. Qe2 Nf5 14. c3 Nd5 15. Ng3 Nxg3+ 16. hxg3 Qc7 17. Be3 Rad8 18. Rad1 a6 19. Bg1 Rfe8 20. Rfe1 Qc6 21. Bb3 b5 22. axb5 axb5 23. Bc2 Qc7 24. Ne5 f6 25. Nf3 Bf8 26. d4 c4 27. Be4 Qf7 28. Bh2 Bd6 29. Qd2 Qg7 30. Ra1 Qc7 31. Ra7 Qb6 32. Raa1 b4 33. g4 bxc3 34. bxc3 Qc7 35. g3 Bc6 36. Kg1 Rb8 37. Reb1 Rxb1+ 38. Rxb1 Rb8 39. Rxb8+ Qxb8 40. g5 f5 41. Bxd5 Bxd5 42. Ne5 Qb1+ 43. Kf2 Qh1 44. Ke3 Qe4+ 45. Kf2 Qg2+ 46. Ke3 Qe4+ 47. Kf2 Bxe5 48. dxe5 Qf3+ 49. Ke1 Qh1+ 50. Ke2 Qxh2+ 51. Kd1 Qxg3 52. Qb2 Qd3+ 53. Ke1 Qe3+ 54. Kf1 Qxf4+ 55. Ke1 Qxe5+ 56. Kf2 Qf4+ 57. Ke1 Qe3+ 58. Kf1 Qxg5 59. Qb8+ Kg7 60. Qe5+ Qf6 61. Qc7+ Qf7 62. Qe5+ Kg8 63. Qb8+ Qf8 64. Qe5 h6 65. Kf2 Kh7 66. Kg3 Qg7 67. Qd6 Qxc3+ 68. Kh2 Qg7 69. Qc5 c3 70. Kg3 Be4 71. Kh4 g5+ 72. Kg3 c2 73. Kh3 h5 74. Kg3 Kg6 75. Kh3 h4 76. Kh2 Qb2 77. Kh3 c1Q 78. Qxf5+ Bxf5# 0-1

[Event "Thessaloniki Aris op"]
[Site "Thessaloniki"]
[Date "2014.10.24"]
[Round "1.3"]
[White "Bahar Mosse, Iakov"]
[Black "Gioras, Ioannis"]
[Result "0-1"]
[WhiteElo "1849"]
[BlackElo "1494"]
[PlyCount "98"]
[EventDate "2014.10.24"]
[EventType "swiss"]
[EventRounds "6"]
[EventCountry "GRE"]
[SourceTitle "EXT 2024"]
[Source "ChessBase"]
[SourceDate "2023.10.10"]
[SourceVersion "1"]
[SourceVersionDate "2023.10.10"]
[SourceQuality "1"]

1. c4 Nf6 2. Nf3 e6 3. g3 d5 4. Bg2 Be7 5. 0-0 0-0 6. Qc2 Nbd7 7. d3 b6 8. e4 dxe4 9. dxe4 e5 10. Nc3 c6 11. Nh4 Re8 12. Nf5 Bf8 13. Bg5 h6 14. Be3 Ng4 15. Bd2 g6 16. h3 gxf5 17. hxg4 fxg4 18. Be3 Qf6 19. Rad1 Qg6 20. Rd2 Nc5 21. b4 Ne6 22. Qa4 Nc7 23. b5 Bb7 24. Rd7 Rec8 25. Qb3 c5 26. Rfd1 a6 27. a4 Rab8 28. R7d2 Ne6 29. Nd5 Bxd5 30. Rxd5 a5 31. Rxe5 Bg7 32. Red5 Bd4 33. e5 Rd8 34. Qd3 Bxe3 35. Qxg6+ fxg6 36. fxe3 Kf7 37. Rf1+ Kg7 38. Rf6 Rxd5 39. Bxd5 Ng5 40. Rd6 Nf3+ 41. Bxf3 gxf3 42. Kf2 h5 43. Kxf3 g5 44. Kg2 g4 45. e4 Rb7 46. e6 Kf6 47. Kf2 Rb8 48. Ke3 Ke7 49. Kf4 Kxd6 0-1